000
00296nam a22001337a 4500
008
170419b xxu||||| |||| 00| 0 eng d
020
_a
9781555811938
041
_a
eng
080
_a
579
100
_a
11
101
_a
SHM
245
_a
MICROBIOLOGY A CHNRONOLOGY
_c
BECK.R.W
942
_2
udc
_c
BK
999
_c
11149
_d
11149